| 000 | 00587nam a22001937a 4500 | ||
|---|---|---|---|
| 005 | 20170712110201.0 | ||
| 008 | 170712b xxu||||| |||| 00| 0 eng d | ||
| 020 | _a978-2-8041-0706-2 | ||
| 040 |
_aBUAC _cBUC |
||
| 100 | _aJoly, Bruno | ||
| 245 |
_aLa vente et ses techniques pratiques _c/ par Bruno Joly |
||
| 260 |
_aBruxelles : _bDe Boeck, _c2010 |
||
| 300 |
_a109 p. _bcouv. en coul. ; _c19 cm |
||
| 440 | _a( Le point sur...) | ||
| 500 | _aGlossaire pp.(93-94) Bibliogr. p. 95 Index p .103 | ||
| 630 | _aSCIENCES APPLIQUEES | ||
| 650 |
_amarketing _919825 |
||
| 942 | _cLBA | ||
| 999 |
_c56583 _d56583 |
||